| 000 | 00000nam##2200000za#4500 |
| 001 | 9.640026 |
| 003 | CaOODSP |
| 005 | 20210624222452 |
| 007 | cr ||||||||||| |
| 008 | 150407|2001||||xxc|||||o f|0| 0 fre|d |
| 040 | |aCaOODSP|bfre |
| 043 | |an-cn--- |
| 086 | 1 |aSC94-84/2001F-PDF |
| 110 | 1 |aCanada.|bCentre canadien de gestion. |
| 245 | 10|aCadre de perfectionnement en gestion pour la communauté de la science et technologie (S-T) au gouvernement fédéral / |h[ressource électronique]|c[par] William G. doubleday. |
| 260 | |bCentre canadien de gestion |cMai 2001. |
| 300 | |a15p.|borganigramme |
| 500 | |aLe n° de catalogue (SC94-84/2001) et l'ISBN (0-662-65863-9) de l'édition imprimée bilingue ont été incorrectement copiés dans l'édition électronique. |
| 590 | |a12-16-Supp|b2012-04-17 |
| 691 | 07|aDéveloppement professionnel|2gcpds |
| 691 | 07|aFonction publique|2gcpds |
| 691 | 07|aSciences|2gcpds |
| 691 | 07|aTechnologie|2gcpds |
| 720 | 1 |aDoubleday, William G. |
| 775 | 08|tFramework for management development in the federal science & technology community (S&T) / |w(CaOODSP)9.695906 |
| 776 | 0#|tFramework for management development in the federal science & technology community (S&T) / |w(CaOODSP)9.662917 |
| 776 | 0#|tCadre de perfectionnement en gestion pour la communauté de la science et technologie (S-T) au gouvernement fédéral / |w(CaOODSP)9.662918 |
| 856 | 40|ahttp://publications.gc.ca|qPDF|s49 Ko|uhttps://publications.gc.ca/collections/Collection/SC94-84-2001F.pdf |